[Event "High League 2022 women"]
[Site "Obninsk"]
[Date "2022.06.26"]
[Round "1.1"]
[White "Girya, Olga"]
[Black "Nur-Mukhametova, Alisa"]
[Result "1-0"]
[LiveChessVersion "1.4.7"]
[BlackElo "2172"]
[WhiteElo "2407"]

1. d4 {[%clk 1:30:58]} Nf6 {[%clk 1:30:52]} 2. c4 {[%clk 1:31:22]} e6
{[%clk 1:31:12]} 3. Nc3 {[%clk 1:31:44]} Bb4 {[%clk 1:31:31]} 4. e3
{[%clk 1:31:59]} d5 {[%clk 1:30:04]} 5. a3 {[%clk 1:28:45]} Bxc3+
{[%clk 1:27:28]} 6. bxc3 {[%clk 1:29:10]} c5 {[%clk 1:27:44]} 7. cxd5
{[%clk 1:29:13]} exd5 {[%clk 1:27:05]} 8. Bd3 {[%clk 1:28:21]} O-O
{[%clk 1:26:12]} 9. Ne2 {[%clk 1:28:07]} Nc6 {[%clk 1:21:17]} 10. O-O
{[%clk 1:26:53]} Re8 {[%clk 1:19:17]} 11. a4 {[%clk 1:14:54]} Qa5
{[%clk 1:01:49]} 12. f3 {[%clk 1:01:21]} b6 {[%clk 0:51:47]} 13. Bd2
{[%clk 0:55:23]} Ba6 {[%clk 0:43:33]} 14. Bb5 {[%clk 0:51:36]} Bxb5
{[%clk 0:41:47]} 15. c4 {[%clk 0:50:25]} Nb4 {[%clk 0:40:21]} 16. axb5
{[%clk 0:50:01]} dxc4 {[%clk 0:38:13]} 17. Rxa5 {[%clk 0:49:46]} bxa5
{[%clk 0:38:39]} 18. dxc5 {[%clk 0:49:13]} 1-0

[Event "High League 2022 women"]
[Site "Obninsk"]
[Date "2022.06.26"]
[Round "1.2"]
[White "Miroshnik, Ekaterina"]
[Black "Garifullina, Leya"]
[Result "1-0"]
[LiveChessVersion "1.4.7"]
[BlackElo "2398"]
[WhiteElo "2169"]

1. d4 {[%clk 1:30:58]} Nf6 {[%clk 1:30:40]} 2. c4 {[%clk 1:31:22]} e6
{[%clk 1:30:52]} 3. g3 {[%clk 1:31:47]} d5 {[%clk 1:30:58]} 4. Bg2
{[%clk 1:32:11]} Bb4+ {[%clk 1:30:43]} 5. Nd2 {[%clk 1:22:49]} O-O
{[%clk 1:30:50]} 6. Qc2 {[%clk 1:22:36]} c5 {[%clk 1:23:58]} 7. dxc5
{[%clk 1:22:27]} Nc6 {[%clk 1:19:33]} 8. Ngf3 {[%clk 1:09:48]} e5
{[%clk 1:14:04]} 9. cxd5 {[%clk 0:57:05]} Qxd5 {[%clk 1:11:42]} 10. O-O
{[%clk 0:28:05]} e4 {[%clk 1:05:24]} 11. Ne1 {[%clk 0:25:36]} Nd4
{[%clk 1:04:29]} 12. Qd1 {[%clk 0:20:32]} Bg4 {[%clk 1:00:12]} 13. f3
{[%clk 0:18:15]} Bxc5 {[%clk 0:47:30]} 14. Kh1 {[%clk 0:17:03]} Nf5 15. fxg4
{[%clk 0:16:07]} Nxg4 {[%clk 0:36:19]} 16. Qb3 {[%clk 0:10:36]} Nf2+
{[%clk 0:31:34]} 17. Rxf2 {[%clk 0:08:55]} Qxb3 {[%clk 0:31:55]} 18. Nxb3
{[%clk 0:09:06]} Bxf2 {[%clk 0:32:20]} 19. Bxe4 {[%clk 0:05:35]} Nd6
{[%clk 0:28:00]} 20. Bd3 {[%clk 0:05:42]} a5 {[%clk 0:26:57]} 21. Bf4
{[%clk 0:05:27]} Rfd8 {[%clk 0:27:02]} 22. a4 {[%clk 0:04:11]} Bb6
{[%clk 0:25:38]} 23. Nc2 {[%clk 0:02:46]} Rac8 {[%clk 0:25:20]} 24. Na3
{[%clk 0:03:08]} h5 {[%clk 0:23:20]} 25. Kg2 {[%clk 0:02:57]} Kf8
{[%clk 0:22:20]} 26. Nd2 {[%clk 0:02:23]} Bd4 {[%clk 0:20:26]} 27. Nac4
{[%clk 0:02:40]} Nxc4 {[%clk 0:20:49]} 28. Nxc4 {[%clk 0:03:04]} b6
{[%clk 0:19:05]} 29. Rf1 {[%clk 0:02:39]} Rc6 {[%clk 0:18:26]} 30. b3
{[%clk 0:02:34]} Ke7 {[%clk 0:17:42]} 31. Be4 {[%clk 0:02:14]} Re6
{[%clk 0:17:48]} 32. Bd3 {[%clk 0:01:32]} Bc5 {[%clk 0:16:46]} 33. h4
{[%clk 0:01:13]} f6 {[%clk 0:16:53]} 34. Kf3 {[%clk 0:01:23]} Kf8
{[%clk 0:12:25]} 35. Rc1 {[%clk 0:01:12]} Rd5 {[%clk 0:10:57]} 36. Be4
{[%clk 0:01:01]} Rd4 {[%clk 0:10:32]} 37. Bf5 {[%clk 0:01:23]} Re7
{[%clk 0:09:17]} 38. e3 {[%clk 0:00:55]} Rd5 {[%clk 0:09:03]} 39. Be4
{[%clk 0:01:09]} Rd8 {[%clk 0:08:43]} 40. Bg6 {[%clk 0:30:56]} Rd5
{[%clk 0:37:31]} 41. g4 {[%clk 0:19:16]} hxg4+ {[%clk 0:37:17]} 42. Kxg4
{[%clk 0:19:41]} Red7 {[%clk 0:37:01]} 43. Bc2 {[%clk 0:18:19]} g5
{[%clk 0:35:35]} 44. hxg5 {[%clk 0:15:07]} fxg5 {[%clk 0:35:59]} 45. Bxg5
{[%clk 0:08:56]} Rg7 {[%clk 0:36:04]} 46. Rf1+ {[%clk 0:09:23]} Ke8
{[%clk 0:35:48]} 47. Rf5 {[%clk 0:09:47]} Rdd7 {[%clk 0:35:46]} 48. Kf4
{[%clk 0:09:28]} Rc7 {[%clk 0:34:47]} 49. Rd5 {[%clk 0:09:01]} Rcd7
{[%clk 0:33:05]} 50. Re5+ {[%clk 0:07:54]} Be7 {[%clk 0:31:32]} 51. Bxe7
{[%clk 0:05:16]} Rgxe7 {[%clk 0:31:37]} 52. Rxe7+ {[%clk 0:05:25]} Kxe7
{[%clk 0:32:01]} 53. Nxb6 {[%clk 0:05:28]} Rd2 {[%clk 0:32:26]} 54. Be4
{[%clk 0:05:40]} Kf6 {[%clk 0:32:07]} 55. Nc4 {[%clk 0:05:42]} Rf2+
{[%clk 0:32:31]} 56. Bf3 {[%clk 0:06:09]} Ke6 {[%clk 0:32:30]} 57. Nxa5
{[%clk 0:06:35]} Kd6 {[%clk 0:32:56]} 58. Nb7+ {[%clk 0:07:00]} Kc7
{[%clk 0:33:19]} 59. a5 {[%clk 0:07:13]} Rd2 {[%clk 0:33:44]} 60. Be4
{[%clk 0:07:13]} Rh2 {[%clk 0:33:25]} 61. Bd5 {[%clk 0:06:56]} Rh4+
{[%clk 0:33:30]} 62. Ke5 {[%clk 0:07:12]} Rb4 {[%clk 0:33:44]} 63. e4
{[%clk 0:07:18]} Rb5 {[%clk 0:33:56]} 64. Kd4 {[%clk 0:07:40]} 1-0

[Event "High League 2022 women"]
[Site "Obninsk"]
[Date "2022.06.26"]
[Round "1.3"]
[White "Bodnaruk, Anastasia"]
[Black "Kirchei, Viktoriia"]
[Result "0-1"]
[LiveChessVersion "1.4.7"]
[BlackElo "2159"]
[WhiteElo "2390"]

1. e4 e5 {[%clk 1:30:54]} 2. Nf3 {[%clk 1:31:20]} Nc6 {[%clk 1:31:17]} 3. Bb5
{[%clk 1:31:41]} a6 {[%clk 1:31:41]} 4. Ba4 {[%clk 1:32:08]} Nf6 {[%clk 1:32:03]}
5. O-O {[%clk 1:32:14]} Be7 {[%clk 1:32:28]} 6. Re1 {[%clk 1:32:05]} b5
{[%clk 1:32:51]} 7. Bb3 {[%clk 1:32:31]} O-O {[%clk 1:33:13]} 8. a4
{[%clk 1:30:52]} b4 {[%clk 1:33:30]} 9. a5 {[%clk 1:15:18]} d6 {[%clk 1:31:55]}
10. c3 {[%clk 1:13:21]} Rb8 {[%clk 1:20:32]} 11. d3 {[%clk 1:07:19]} Be6
{[%clk 1:12:49]} 12. Nbd2 {[%clk 1:04:27]} bxc3 {[%clk 1:00:36]} 13. bxc3
{[%clk 1:04:51]} Bxb3 {[%clk 1:00:42]} 14. Nxb3 {[%clk 1:05:16]} d5
{[%clk 0:59:16]} 15. Qc2 {[%clk 1:00:02]} Qc8 {[%clk 0:45:34]} 16. Bg5
{[%clk 0:48:44]} dxe4 {[%clk 0:44:33]} 17. dxe4 {[%clk 0:49:08]} Qe6
{[%clk 0:41:05]} 18. Bxf6 {[%clk 0:40:21]} Qxf6 {[%clk 0:40:53]} 19. Red1
{[%clk 0:36:50]} Qe6 {[%clk 0:37:38]} 20. Rd5 {[%clk 0:29:51]} Bd6
{[%clk 0:34:04]} 21. Nc5 {[%clk 0:23:51]} Qc8 {[%clk 0:28:52]} 22. Qe2
{[%clk 0:08:08]} Ne7 {[%clk 0:26:14]} 23. Rxe5 {[%clk 0:08:24]} Rb5
{[%clk 0:21:10]} 24. Qc4 {[%clk 0:08:35]} Nc6 {[%clk 0:17:37]} 25. Nxa6
{[%clk 0:02:41]} Rxe5 {[%clk 0:14:59]} 26. Qxc6 {[%clk 0:03:09]} Re6
{[%clk 0:15:17]} 27. Qc4 {[%clk 0:01:57]} c5 {[%clk 0:08:06]} 28. Rb1
{[%clk 0:01:32]} Be7 {[%clk 0:06:47]} 29. Nb8 {[%clk 0:00:39]} Bd6
{[%clk 0:04:50]} 30. Na6 Bxh2+ {[%clk 0:03:55]} 31. Nxh2 {[%clk 0:00:57]} Qxa6
{[%clk 0:03:37]} 32. Qxa6 {[%clk 0:00:35]} Rxa6 {[%clk 0:04:02]} 33. Rb5 Rfa8
{[%clk 0:02:29]} 34. Rxc5 {[%clk 0:01:22]} Rxa5 {[%clk 0:02:53]} 35. Rc7
{[%clk 0:01:15]} Ra1+ {[%clk 0:03:15]} 36. Nf1 {[%clk 0:00:32]} f5 37. g3
{[%clk 0:00:32]} fxe4 {[%clk 0:02:50]} 38. Re7 {[%clk 0:00:38]} Re1
{[%clk 0:02:33]} 39. Kg2 {[%clk 0:01:06]} Ra2 {[%clk 0:01:47]} 40. g4
{[%clk 0:30:33]} Ree2 {[%clk 0:31:21]} 41. Kg1 {[%clk 0:29:05]} Rxf2
{[%clk 0:26:58]} 42. Rxe4 {[%clk 0:28:18]} Rf3 {[%clk 0:26:57]} 43. Re1
{[%clk 0:21:24]} Rxc3 {[%clk 0:27:02]} 44. Ne3 {[%clk 0:20:54]} Rca3
{[%clk 0:26:51]} 45. Nf5 {[%clk 0:20:33]} Ra1 {[%clk 0:27:01]} 46. Rxa1
{[%clk 0:20:59]} Rxa1+ {[%clk 0:27:28]} 47. Kf2 {[%clk 0:21:20]} Kf7
{[%clk 0:26:47]} 48. Kf3 {[%clk 0:20:15]} Kf6 {[%clk 0:26:37]} 49. Nd6
{[%clk 0:19:29]} Ra3+ {[%clk 0:25:52]} 50. Kf4 {[%clk 0:19:19]} g5+
{[%clk 0:25:58]} 51. Ke4 {[%clk 0:19:48]} Rg3 {[%clk 0:26:09]} 52. Ne8+
{[%clk 0:20:11]} Ke5+ 0-1

[Event "High League 2022 women"]
[Site "Obninsk"]
[Date "2022.06.26"]
[Round "1.4"]
[White "Karmanova, Olga Dm."]
[Black "Guseva, Marina"]
[Result "1/2-1/2"]
[LiveChessVersion "1.4.7"]
[BlackElo "2377"]
[WhiteElo "2157"]

1. d4 {[%clk 1:30:56]} Nf6 {[%clk 1:30:55]} 2. c4 {[%clk 1:31:21]} e6
{[%clk 1:31:22]} 3. g3 {[%clk 1:31:47]} d5 {[%clk 1:31:47]} 4. Bg2
{[%clk 1:32:11]} Be7 {[%clk 1:32:14]} 5. Nf3 {[%clk 1:32:35]} O-O
{[%clk 1:32:40]} 6. O-O {[%clk 1:32:58]} dxc4 {[%clk 1:33:06]} 7. Qa4
{[%clk 1:33:22]} a6 {[%clk 1:33:32]} 8. Qxc4 {[%clk 1:33:45]} b5 {[%clk 1:33:59]}
9. Qc2 {[%clk 1:34:08]} Bb7 {[%clk 1:34:25]} 10. Bd2 {[%clk 1:34:28]} Ra7
{[%clk 1:34:48]} 11. Rd1 {[%clk 1:31:11]} Nbd7 {[%clk 1:29:55]} 12. Ba5
{[%clk 1:21:08]} Qa8 {[%clk 1:22:40]} 13. Qxc7 {[%clk 0:52:48]} Rc8
{[%clk 1:17:42]} 14. Qf4 {[%clk 0:53:00]} Rc2 {[%clk 1:16:47]} 15. Ne1
{[%clk 0:44:27]} Rxe2 {[%clk 1:06:18]} 16. Bxb7 {[%clk 0:44:30]} Qxb7
{[%clk 1:06:21]} 17. Nc3 {[%clk 0:34:07]} Nd5 {[%clk 0:44:16]} 18. Qf3
{[%clk 0:26:53]} Rxb2 {[%clk 0:40:18]} 19. Nxd5 {[%clk 0:26:15]} Qxd5
{[%clk 0:40:19]} 20. Qxd5 {[%clk 0:25:33]} exd5 {[%clk 0:40:44]} 21. Kf1
{[%clk 0:25:14]} b4 {[%clk 0:36:04]} 22. Nd3 {[%clk 0:23:50]} Rc2
{[%clk 0:36:31]} 23. Bxb4 {[%clk 0:23:56]} Nf6 {[%clk 0:28:52]} 24. Rac1
{[%clk 0:21:10]} Rxc1 {[%clk 0:26:14]} 25. Rxc1 {[%clk 0:21:37]} h5
{[%clk 0:24:22]} 26. Rc8+ {[%clk 0:15:42]} Kh7 {[%clk 0:24:37]} 27. Bxe7
{[%clk 0:16:03]} Rxe7 {[%clk 0:25:03]} 28. Nc5 {[%clk 0:16:14]} Ne4
{[%clk 0:19:53]} 29. Nxe4 {[%clk 0:15:55]} Rxe4 {[%clk 0:20:13]} 30. Ra8
{[%clk 0:15:47]} Rxd4 {[%clk 0:20:33]} 31. Rxa6 {[%clk 0:16:11]} Rd2
{[%clk 0:19:00]} 32. a4 {[%clk 0:15:24]} Ra2 {[%clk 0:19:13]} 33. Rd6
{[%clk 0:15:43]} Rxa4 {[%clk 0:19:39]} 34. Rxd5 {[%clk 0:16:09]} g6
{[%clk 0:20:05]} 35. h4 {[%clk 0:16:35]} Kg7 {[%clk 0:20:32]} 36. Kg2
{[%clk 0:17:00]} Ra2 {[%clk 0:20:58]} 37. Rd7 {[%clk 0:17:26]} Rb2
{[%clk 0:21:25]} 38. Ra7 {[%clk 0:17:49]} Rc2 {[%clk 0:21:51]} 39. Rb7
{[%clk 0:18:15]} Ra2 {[%clk 0:22:17]} 40. Rc7 {[%clk 0:48:41]} Rb2
{[%clk 0:52:45]} 1/2-1/2

[Event "High League 2022 women"]
[Site "Obninsk"]
[Date "2022.06.26"]
[Round "1.5"]
[White "Bivol, Alina"]
[Black "Loskutova, Viktoriya"]
[Result "0-1"]
[LiveChessVersion "1.4.7"]
[BlackElo "2153"]
[WhiteElo "2364"]

1. e4 {[%clk 1:30:39]} c5 {[%clk 1:30:55]} 2. Nf3 {[%clk 1:30:52]} d6
{[%clk 1:31:19]} 3. d4 {[%clk 1:30:41]} cxd4 {[%clk 1:31:43]} 4. Nxd4
{[%clk 1:31:08]} Nf6 {[%clk 1:32:01]} 5. Nc3 {[%clk 1:31:14]} a6 {[%clk 1:31:52]}
6. Be2 {[%clk 1:29:44]} e5 {[%clk 1:30:46]} 7. Nf3 {[%clk 1:28:00]} h6
{[%clk 1:26:53]} 8. a4 {[%clk 1:26:44]} Be6 {[%clk 1:25:17]} 9. Be3
{[%clk 1:15:08]} Nc6 {[%clk 1:17:02]} 10. O-O {[%clk 1:07:19]} d5
{[%clk 1:13:02]} 11. exd5 {[%clk 1:07:17]} Nxd5 {[%clk 1:13:24]} 12. Nxd5
{[%clk 1:06:32]} Bxd5 {[%clk 1:12:39]} 13. Bb6 {[%clk 0:53:45]} Qxb6
{[%clk 1:06:41]} 14. Qxd5 {[%clk 0:54:08]} Rd8 {[%clk 0:51:55]} 15. Qe4
{[%clk 0:54:02]} Bd6 {[%clk 0:50:55]} 16. Bd3 {[%clk 0:50:39]} g6
{[%clk 0:46:33]} 17. Bc4 {[%clk 0:50:19]} Kf8 {[%clk 0:44:09]} 18. c3
{[%clk 0:42:36]} Kg7 {[%clk 0:43:30]} 19. b4 {[%clk 0:32:44]} Rhe8
{[%clk 0:36:00]} 20. b5 {[%clk 0:24:52]} Na5 {[%clk 0:32:32]} 21. Ba2
{[%clk 0:21:36]} axb5 {[%clk 0:20:47]} 22. axb5 {[%clk 0:18:44]} Qxb5
{[%clk 0:14:54]} 23. Rfb1 {[%clk 0:12:31]} Qc5 {[%clk 0:13:17]} 24. Qd5
{[%clk 0:10:48]} Qxd5 {[%clk 0:10:10]} 25. Bxd5 {[%clk 0:11:16]} Bc5
{[%clk 0:07:28]} 26. Bxf7 {[%clk 0:08:21]} Kxf7 {[%clk 0:07:53]} 27. Rxa5
{[%clk 0:08:46]} b6 {[%clk 0:08:08]} 28. Ra7+ {[%clk 0:06:55]} Kf6
{[%clk 0:08:27]} 29. Ra2 {[%clk 0:04:54]} Rd3 {[%clk 0:07:04]} 30. Rc2
{[%clk 0:04:04]} e4 {[%clk 0:01:51]} 31. Ne1 {[%clk 0:03:21]} Rd5
{[%clk 0:01:59]} 32. g3 {[%clk 0:02:57]} Red8 {[%clk 0:01:17]} 33. Re2
{[%clk 0:01:57]} Rd2 {[%clk 0:01:01]} 34. Rb2 {[%clk 0:00:55]} e3
{[%clk 0:01:01]} 35. fxe3 {[%clk 0:00:53]} Bxe3+ {[%clk 0:01:14]} 36. Kf1
{[%clk 0:00:38]} Rxb2 {[%clk 0:01:39]} 37. Rxb2 {[%clk 0:01:05]} Rd2
{[%clk 0:01:55]} 38. Rc2 {[%clk 0:01:09]} Kf5 {[%clk 0:01:55]} 39. c4
{[%clk 0:00:51]} Ke4 {[%clk 0:01:49]} 40. g4 {[%clk 0:30:46]} Rxc2
{[%clk 0:31:41]} 41. Nxc2 {[%clk 0:31:14]} Kd3 {[%clk 0:31:48]} 42. Nb4+
{[%clk 0:29:17]} Kxc4 {[%clk 0:32:05]} 43. Nc6 {[%clk 0:29:33]} Bf4
{[%clk 0:30:55]} 44. h3 {[%clk 0:29:15]} b5 {[%clk 0:29:53]} 45. Ke2
{[%clk 0:29:08]} b4 {[%clk 0:29:49]} 46. Kd1 {[%clk 0:25:43]} b3 {[%clk 0:28:23]}
47. Ne7 {[%clk 0:24:55]} g5 {[%clk 0:28:32]} 0-1

[Event "High League 2022 women"]
[Site "Obninsk"]
[Date "2022.06.26"]
[Round "1.6"]
[White "Getman, Tatyana"]
[Black "Kovalevskaya, Ekaterina"]
[Result "1-0"]
[LiveChessVersion "1.4.7"]
[BlackElo "2364"]
[WhiteElo "2148"]

1. d4 {[%clk 1:30:57]} d5 {[%clk 1:30:47]} 2. c4 {[%clk 1:31:20]} e6
{[%clk 1:31:04]} 3. Nc3 {[%clk 1:31:39]} c5 {[%clk 1:31:18]} 4. cxd5
{[%clk 1:31:33]} exd5 {[%clk 1:29:56]} 5. Nf3 {[%clk 1:31:41]} Nc6
{[%clk 1:30:18]} 6. g3 {[%clk 1:31:43]} Nf6 {[%clk 1:29:43]} 7. Bg2
{[%clk 1:31:52]} cxd4 {[%clk 1:27:34]} 8. Nxd4 {[%clk 1:31:43]} Bc5
{[%clk 1:27:28]} 9. Nb3 {[%clk 1:28:02]} Bb6 {[%clk 1:26:46]} 10. Nxd5
{[%clk 1:13:31]} Be6 {[%clk 1:25:24]} 11. e4 {[%clk 1:07:15]} Bg4
{[%clk 1:19:31]} 12. Qd3 {[%clk 1:03:08]} Nxd5 {[%clk 1:14:36]} 13. Qxd5
{[%clk 0:52:43]} Qxd5 {[%clk 0:53:41]} 14. exd5 {[%clk 0:53:07]} Nb4
{[%clk 0:53:52]} 15. O-O {[%clk 0:49:27]} Nc2 {[%clk 0:53:45]} 16. Rb1
{[%clk 0:48:08]} Be2 {[%clk 0:53:02]} 17. Bf4 {[%clk 0:44:20]} Bxf1
{[%clk 0:53:03]} 18. Rxf1 {[%clk 0:43:16]} O-O {[%clk 0:50:24]} 19. d6
{[%clk 0:32:28]} Rad8 {[%clk 0:37:55]} 20. Bxb7 {[%clk 0:28:22]} h6
{[%clk 0:37:34]} 21. Rd1 {[%clk 0:24:43]} Rfe8 {[%clk 0:30:01]} 22. g4
{[%clk 0:20:31]} Re1+ {[%clk 0:19:46]} 23. Rxe1 {[%clk 0:20:56]} Nxe1
{[%clk 0:20:12]} 24. Be4 {[%clk 0:17:56]} Re8 {[%clk 0:13:32]} 25. Nd2
{[%clk 0:17:10]} Rc8 {[%clk 0:08:12]} 26. Kf1 {[%clk 0:14:08]} Rc1
{[%clk 0:05:00]} 27. Ke2 {[%clk 0:12:34]} Nc2 {[%clk 0:03:24]} 28. Nf3
{[%clk 0:12:03]} Rb1 {[%clk 0:03:39]} 29. Be5 {[%clk 0:09:34]} Rc1
{[%clk 0:04:01]} 30. Kd2 {[%clk 0:09:20]} Rf1 {[%clk 0:04:29]} 31. Kxc2
{[%clk 0:09:14]} Rxf2+ {[%clk 0:04:57]} 32. Kd3 {[%clk 0:09:25]} Kf8
{[%clk 0:05:20]} 33. Bd4 {[%clk 0:08:29]} Bxd4 {[%clk 0:05:05]} 34. Nxd4
{[%clk 0:08:54]} g6 {[%clk 0:04:31]} 35. Nc6 {[%clk 0:06:14]} Ke8
{[%clk 0:04:47]} 36. Ne5 {[%clk 0:05:26]} Rxb2 {[%clk 0:01:56]} 37. Bc6+
{[%clk 0:05:29]} Kf8 {[%clk 0:02:18]} 38. d7 {[%clk 0:05:07]} Rb8
{[%clk 0:02:42]} 39. Bb7 {[%clk 0:04:32]} Ke7 {[%clk 0:02:13]} 40. Nc6+
{[%clk 0:34:58]} Kxd7 {[%clk 0:32:37]} 41. Nxb8+ {[%clk 0:35:25]} Kc7
{[%clk 0:33:00]} 42. Bd5 {[%clk 0:35:34]} 1-0

[Event "High League 2022 women"]
[Site "Obninsk"]
[Date "2022.06.26"]
[Round "1.7"]
[White "Charochkina, Daria"]
[Black "Pogorelskikh, Sofia"]
[Result "1/2-1/2"]
[LiveChessVersion "1.4.7"]
[BlackElo "2138"]
[WhiteElo "2335"]

1. e4 {[%clk 1:30:56]} c5 {[%clk 1:30:49]} 2. Na3 {[%clk 1:31:18]} Nc6
{[%clk 1:30:53]} 3. Bb5 {[%clk 1:31:41]} g6 {[%clk 1:31:00]} 4. Nf3
{[%clk 1:31:56]} Bg7 {[%clk 1:31:07]} 5. O-O {[%clk 1:31:42]} Nh6
{[%clk 1:18:31]} 6. h3 {[%clk 1:24:31]} O-O {[%clk 1:18:05]} 7. Re1
{[%clk 1:24:49]} f6 {[%clk 1:13:02]} 8. d4 {[%clk 0:49:43]} cxd4 {[%clk 1:10:54]}
9. Nxd4 {[%clk 0:48:14]} Nf7 {[%clk 1:09:38]} 10. c3 {[%clk 0:45:51]} Nxd4
{[%clk 0:50:58]} 11. cxd4 {[%clk 0:46:06]} d6 {[%clk 0:46:24]} 12. Be3
{[%clk 0:42:46]} f5 {[%clk 0:44:53]} 13. exf5 {[%clk 0:38:13]} Bxf5
{[%clk 0:44:34]} 14. Qb3 {[%clk 0:38:16]} d5 {[%clk 0:44:00]} 15. Rac1
{[%clk 0:30:13]} e6 {[%clk 0:31:48]} 16. Bf1 {[%clk 0:24:08]} Nd6
{[%clk 0:24:50]} 17. f3 {[%clk 0:23:40]} g5 {[%clk 0:14:42]} 18. Bf2
{[%clk 0:23:18]} Qf6 {[%clk 0:09:56]} 19. Qb4 {[%clk 0:18:57]} Rad8
{[%clk 0:09:31]} 20. Rc7 {[%clk 0:15:31]} Bg6 {[%clk 0:06:09]} 21. Nb5
{[%clk 0:14:03]} Nxb5 {[%clk 0:04:18]} 22. Qxb5 {[%clk 0:12:31]} Qf4
{[%clk 0:04:00]} 23. Qc5 {[%clk 0:11:30]} Rf7 {[%clk 0:01:35]} 24. Rc8
{[%clk 0:10:59]} Rxc8 {[%clk 0:00:40]} 25. Qxc8+ {[%clk 0:11:24]} Rf8
{[%clk 0:00:58]} 26. Qxe6+ {[%clk 0:11:19]} Bf7 {[%clk 0:01:22]} 27. Qe3
{[%clk 0:10:42]} Bg6 {[%clk 0:00:43]} 28. Bb5 {[%clk 0:07:37]} h6
{[%clk 0:00:34]} 29. Bd7 {[%clk 0:07:16]} Kh7 {[%clk 0:00:38]} 30. Be6
{[%clk 0:06:33]} Re8 {[%clk 0:00:45]} 31. Qxf4 {[%clk 0:04:33]} gxf4
{[%clk 0:01:13]} 32. b3 {[%clk 0:04:16]} b6 {[%clk 0:00:52]} 33. Bxd5
{[%clk 0:03:32]} Rxe1+ {[%clk 0:00:50]} 34. Bxe1 {[%clk 0:03:59]} Bxd4+
{[%clk 0:01:15]} 35. Bf2 {[%clk 0:04:06]} Bxf2+ {[%clk 0:01:06]} 36. Kxf2
{[%clk 0:04:31]} Kg7 {[%clk 0:01:03]} 37. g3 {[%clk 0:03:32]} fxg3+
{[%clk 0:01:14]} 38. Kxg3 {[%clk 0:03:58]} Kf6 {[%clk 0:00:50]} 39. Be4
{[%clk 0:03:18]} Bf7 {[%clk 0:00:55]} 40. Kf4 {[%clk 0:33:30]} Be6
{[%clk 0:30:41]} 41. h4 {[%clk 0:31:07]} Bf7 {[%clk 0:27:48]} 42. Bd3
{[%clk 0:31:07]} Bd5 {[%clk 0:27:24]} 43. Bc4 {[%clk 0:30:33]} Bc6
{[%clk 0:27:22]} 44. b4 {[%clk 0:30:45]} Bb7 {[%clk 0:19:15]} 45. Bd3
{[%clk 0:30:30]} Bd5 {[%clk 0:19:22]} 46. a3 {[%clk 0:26:39]} Bc6
{[%clk 0:17:39]} 47. Be4 {[%clk 0:27:02]} Bd7 {[%clk 0:17:23]} 48. Bb7
{[%clk 0:26:48]} Bf5 {[%clk 0:17:05]} 49. Ke3 {[%clk 0:23:53]} Ke5
{[%clk 0:15:10]} 50. f4+ {[%clk 0:23:34]} Kf6 {[%clk 0:14:50]} 51. Kd4
{[%clk 0:23:19]} Be6 {[%clk 0:14:54]} 52. Be4 {[%clk 0:23:29]} Bf7
{[%clk 0:14:05]} 53. a4 {[%clk 0:21:38]} Be6 {[%clk 0:09:39]} 54. a5
{[%clk 0:21:56]} Bf7 {[%clk 0:08:58]} 55. Bd3 {[%clk 0:21:28]} Be6
{[%clk 0:08:10]} 56. Bc4 {[%clk 0:11:57]} Bd7 {[%clk 0:06:47]} 57. a6
{[%clk 0:09:10]} Bc6 {[%clk 0:04:56]} 58. Bd3 {[%clk 0:09:04]} Bf3
{[%clk 0:03:27]} 59. Be4 {[%clk 0:08:57]} Be2 {[%clk 0:02:29]} 60. Bb7
{[%clk 0:08:46]} Kf5 {[%clk 0:02:01]} 61. Ke3 {[%clk 0:08:21]} Bf1
{[%clk 0:01:03]} 62. Bc8+ {[%clk 0:06:59]} Kf6 {[%clk 0:01:27]} 63. Bb7
{[%clk 0:03:22]} Bb5 {[%clk 0:00:52]} 64. Ke4 {[%clk 0:02:55]} Bf1
{[%clk 0:00:50]} 65. Bc8 {[%clk 0:02:27]} Bg2+ {[%clk 0:00:54]} 66. Kd4
{[%clk 0:02:55]} Bf3 {[%clk 0:00:41]} 67. Ke3 {[%clk 0:00:55]} Bg2
{[%clk 0:00:50]} 68. Bg4 {[%clk 0:01:15]} Bc6 {[%clk 0:00:36]} 69. Bf3
{[%clk 0:01:20]} Bb5 {[%clk 0:00:54]} 70. Be2 {[%clk 0:01:41]} Bc6
{[%clk 0:01:03]} 71. Bd3 {[%clk 0:01:57]} Bg2 {[%clk 0:00:45]} 72. Kd4
{[%clk 0:02:25]} Bf3 {[%clk 0:00:48]} 73. Ke3 {[%clk 0:01:12]} Bg2
{[%clk 0:00:54]} 74. Kf2 {[%clk 0:01:41]} Bd5 {[%clk 0:01:02]} 75. Kg3
{[%clk 0:02:02]} Be6 {[%clk 0:00:56]} 76. Kf3 {[%clk 0:01:26]} Bh3
{[%clk 0:01:01]} 77. Bb5 {[%clk 0:01:20]} Bf5 {[%clk 0:01:00]} 78. Ke3
{[%clk 0:01:39]} Bh3 {[%clk 0:01:03]} 79. Kd4 {[%clk 0:01:48]} Bg2
{[%clk 0:01:22]} 80. Bd7 {[%clk 0:00:40]} Bf3 {[%clk 0:00:58]} 81. Bc8
{[%clk 0:00:41]} Bg2 {[%clk 0:01:15]} 82. Ke3 {[%clk 0:01:06]} Bc6
{[%clk 0:01:18]} 83. Kf2 {[%clk 0:00:40]} Bd5 {[%clk 0:01:11]} 84. Kg3
{[%clk 0:00:52]} Bc4 {[%clk 0:01:16]} 85. Kf3 {[%clk 0:00:47]} Bf1
{[%clk 0:01:16]} 86. Ke3 {[%clk 0:00:51]} Bg2 {[%clk 0:01:31]} 87. Bg4
{[%clk 0:00:55]} Bf1 {[%clk 0:01:31]} 88. Be2 {[%clk 0:01:21]} Bg2
{[%clk 0:01:54]} 89. Kf2 {[%clk 0:01:09]} Bd5 {[%clk 0:01:57]} 90. Ke3
{[%clk 0:00:36]} Bg2 {[%clk 0:02:16]} 91. Bc4 {[%clk 0:00:39]} Kf5
{[%clk 0:02:07]} 92. Bg8 {[%clk 0:00:40]} Bf1 {[%clk 0:02:12]} 93. Bh7+
{[%clk 0:01:02]} Kf6 {[%clk 0:02:13]} 94. Bd3 {[%clk 0:01:30]} Bg2
{[%clk 0:02:32]} 95. Kd4 {[%clk 0:01:22]} Bf3 {[%clk 0:02:44]} 96. Bf1
{[%clk 0:01:24]} Kf5 {[%clk 0:02:53]} 97. Ke3 {[%clk 0:01:51]} Bc6
{[%clk 0:03:04]} 98. Bh3+ {[%clk 0:00:47]} Kf6 {[%clk 0:03:23]} 99. Kd4
{[%clk 0:00:53]} Bf3 {[%clk 0:03:38]} 100. Bc8 {[%clk 0:00:40]} Bg2
{[%clk 0:03:44]} 101. Kc3 {[%clk 0:00:37]} Bf1 {[%clk 0:03:29]} 102. Kd2
{[%clk 0:00:56]} Bg2 {[%clk 0:03:21]} 103. Bb7 {[%clk 0:01:23]} Bf1
{[%clk 0:03:36]} 104. Ke1 {[%clk 0:01:23]} Bc4 {[%clk 0:03:42]} 105. b5 1/2-1/2